000 00488nam a2200205Ia 4500
003 OSt
005 20220923230811.0
006 a|||||r|||| 00| 0
007 ta
008 Pun
024 _a305,624
037 _cTextual
040 _aARTS
_cARTS
_bPun
041 _2Pun
_aPun
082 _aQ8441, 153M5
245 0 _aਪੰਜਾਬ ਵFਦਾ ਗੁਰਾਂ ਦੇ ਨਾਂ ਤੋ
260 _c1985
942 _hQ8441, 153M5
_cTEXL
_2CC
999 _c387416
_d387416